000 00622nam a2200193Ia 4500
005 20250508164804.0
008 008 250505s9999 xx 000 0 eng d
037 _aTheses
040 _aFEDL
_beng
_cFEDL
041 _aeng
_2eng
084 _a371.1, SAL/TH
_qFEDL
100 _aSaluja Anuja
_9527648
245 0 _aStudy of teachers' perception of the school climate in relation to their satisfaction, their work behaviour and pupil's academic achievement
260 _c1996
300 _a220p.
546 _aPH.D Thesis (Delhi University)
942 _cTH
_h371.1, SAL/TH
999 _c1391180
_d1391180